Holiday Quiz

Random Holiday or Halloween Quiz

Common Superstitions Quiz Stats

 Plays Quiz Updated Mar 30, 2020

     
Support Sporcle.
Go Orange.
Score 0/13 Timer 02:00
5 Plays Today
Belief Superstition % Correct
It is considered bad luck if one of these crosses your path.Black Cat
99.1%
Breaking one of these will give you seven years bad luck.Mirror
96.9%
To ward off bad luck, throw a pinch over your shoulder and all will be well.Salt
94.3%
Walking beneath an open one of these passes you through a triangle of evil ghosts and spirits.Ladder
92%
This number is very unlucky; there are many high rises lacking this numbered floor.Thirteen
90.6%
These birds are commonly viewed as a bad omen, often foretelling deathCrows or Owls
84.9%
If these fly around your house on Halloween night 3 times, death is inevitable.Bats
77.2%
A burning candle inside one of these on Halloween keeps evil spirits and demons at bay.Jack-o-lantern
77.1%
Good luck charm. The older this gets, the more good luck it is said to bring.Rabbit's Foot
56%
Placing one of these over a door will ward off witches. Must be lost by an animal and then found by you with an open end facing your way.Horseshoe
32.7%
If you happen to see this on Halloween then the spirit of a loved one is watching over you. Spider
20.6%
Thought to carry the souls of the dead, it's bad luck to kill one.Albatross or Sparrows
7.6%
At Halloween, these were used as magic charms. Some believe the Devil likes to gather these.Nuts
2.5%

From the Vault

Celebrity Siblings

by sproutcm

A lot of these celebrities don't look alike, it could be all the plastic surgery.
Remove Ads.
Support Sporcle.
Get the best of Sporcle when you Go Orange. This ad-free experience offers more features, more stats, and more fun while also helping to support Sporcle. Thank you for becoming a member.

Show Comments

Extras

Top Quizzes Today


Score Distribution

Your Account Isn't Verified!

In order to create a playlist on Sporcle, you need to verify the email address you used during registration. Go to your Sporcle Settings to finish the process.

Report this User

Report this user for behavior that violates our Community Guidelines.

Details: